000 00807cam a22002653a 4500
001 29573
003 PGUSA
005 20140828083635.0
008 090802s2009||||xxu|||||s|||||000 1 eng d
040 _aPGUSA
_beng
042 _adc
050 4 _aPS
100 1 _aCrane, Stephen,
_d1871-1900
245 1 4 _aThe O'Ruddy :
_bA Romance
_h[electronic resource] /
_cStephen Crane
260 _bProject Gutenberg,
_c2009
506 _aPublic domain in the USA.
516 _aElectronic text
653 _aAdventure stories
653 _aIrish -- England -- Fiction
653 _aEngland -- Social life and customs -- 18th century -- Fiction
700 1 _aWilliams, C. D.
_q(Charles D.),
_d1875-1954
830 0 _aProject Gutenberg
_v29573
856 4 0 _uhttp://www.gutenberg.org/ebooks/29573
942 _cEB
999 _c258828
_d258828